Southville International School and Colleges
Your cart is empty.
  • Cart
  • Lists
    Public lists Eva Luna New books Lux_list list_1
    Your lists Log in to create your own lists
  • Log in to your account
  • Your cookies
  • Search history
Southville International School and Colleges
  • Advanced search
  • Recent comments
  • Most popular
  • Libraries

Log in to your account

Log in with GOOGLE


If you do not have an external account, but do have a local account, you can still log in:

  1. Home
  2. MARC view: Uses, gratifications, and beyond toward a model of motivated media exposure and its effects on risk perception /
Normal view MARC view ISBD view

Uses, gratifications, and beyond toward a model of motivated media exposure and its effects on risk perception / (Record no. 121252)

[ view plain ]
MARC details
000 -LEADER
fixed length control field 00661nam a2200229Ia 4500
008 - FIXED-LENGTH DATA ELEMENTS--GENERAL INFORMATION
fixed length control field 140626s9999 xx 000 0 und d
100 ## - MAIN ENTRY--PERSONAL NAME
Personal name So, Jiyeon.
245 ## - TITLE STATEMENT
Title Uses, gratifications, and beyond toward a model of motivated media exposure and its effects on risk perception /
Statement of responsibility, etc Jiyeon.So
260 ## - PUBLICATION, DISTRIBUTION, ETC. (IMPRINT)
Date of publication, distribution, etc c2012.
300 ## - PHYSICAL DESCRIPTION
Extent 22 : 2, page 116
440 ## - SERIES STATEMENT/ADDED ENTRY--TITLE
Title Communication Theory
521 ## - TARGET AUDIENCE NOTE
Target audience note
650 ## - SUBJECT ADDED ENTRY--TOPICAL TERM
Topical term or geographic name as entry element Audience motivation.
650 ## - SUBJECT ADDED ENTRY--TOPICAL TERM
Topical term or geographic name as entry element Enjoyment.
650 ## - SUBJECT ADDED ENTRY--TOPICAL TERM
Topical term or geographic name as entry element Entertainment.
650 ## - SUBJECT ADDED ENTRY--TOPICAL TERM
Topical term or geographic name as entry element Gratifications.
650 ## - SUBJECT ADDED ENTRY--TOPICAL TERM
Topical term or geographic name as entry element Media effects.
650 ## - SUBJECT ADDED ENTRY--TOPICAL TERM
Topical term or geographic name as entry element Media impact.
650 ## - SUBJECT ADDED ENTRY--TOPICAL TERM
Topical term or geographic name as entry element Risk perception.
650 ## - SUBJECT ADDED ENTRY--TOPICAL TERM
Topical term or geographic name as entry element Surveillance.
942 ## - ADDED ENTRY ELEMENTS (KOHA)
Koha item type Periodicals
Holdings
Withdrawn status Lost status Damaged status Home library Current library Shelving location Date acquired Total Checkouts Barcode Date last seen Price effective from Koha item type
      College Library College Library Periodical Section 06/26/2014   S0360 06/26/2014 06/26/2014 Periodicals

Uses, gratifications, and beyond toward a model of motivated media exposure and its effects on risk perception /

APA

So J., . (2012). Uses, gratifications, and beyond toward a model of motivated media exposure and its effects on risk perception. : .

Chicago

So Jiyeon, . 2012. Uses, gratifications, and beyond toward a model of motivated media exposure and its effects on risk perception. : .

Harvard

So J., . (2012). Uses, gratifications, and beyond toward a model of motivated media exposure and its effects on risk perception. : .

MLA

So Jiyeon, . Uses, gratifications, and beyond toward a model of motivated media exposure and its effects on risk perception. : . 2012.

  • Place hold
  • Print
  • Cite
  • Add to your cart (remove)
  • Save record
    BIBTEX Dublin Core MARCXML MARC (non-Unicode/MARC-8) MARC (Unicode/UTF-8) MARC (Unicode/UTF-8, Standard) MODS (XML) RIS
  • More searches
    Search for this title in:
    Other Libraries (WorldCat) Other Databases (Google Scholar) Online Stores (Bookfinder.com) Open Library (openlibrary.org)

Exporting to Dublin Core...

SOUTHVILLE LIBRARY

Southville International School and Colleges Library

1281 Tropical Ave. Cor. Luxembourg St., BF Homes International, Las Pinas City

Tel. No. 8256374 / 252358 Loc. 117/146

Powered by Koha